000 00393nam a2200157Ia 4500
003 GCL
008 140319s9999 xx 000 0 ara d
040 _aGCL /
_cGCL
082 0 4 _aد
_b050
100 1 _aسعد مكاوى
245 1 0 _aشهيرة وقصص اخرى (اقرا 395 ) /
_cسعد مكاوى
300 _a238
490 _aاقرأ
_v0
650 0 4 _aالقصص
942 _2ddc
_cBK
999 _c49592
_d49592